00877nam a2200241Ia 450000100060000000300090000600800410001504000130005604000130006904100130008210000340009510000290012924500400015824500400019825000110023826000140024926000100026326000490027330000570032250001920037965000330057165000310060486526IT-RoPAU130308s9999 xx 000 0 und d aIT-RoPAU cIT-RoPAU aSPAGNOLO aVentin Pereira José Augusto gCodice Aut. SPICS: 30778 aGuerra de la radio (1936-1939) (La) bGuerra de la Radio (1936-1939) (La) a1a ed. aBARCELONA bMitre c1986 [1° Ed.:1986 - Ed.Ling.Originale:1986] a"270 p. (prefazione: no ; testo: 270 [pagine: 0-0])" aGuerra e Radio Contorno radiofonico nella Guerra Civile Programmazione della Radio in Guerra Radio Come Strumento Bellico di Informazione e propaganda Politica e censura dell'Informazione aSTORIA NAZIONALE DELLA RADIO eCodice materia Spics: 6909